| 000 | 00730cab a2200241 4500 | ||
|---|---|---|---|
| 001 | WB3430-03 | ||
| 008 | 090401t1998 xxu||||| |||| 00| 0 eng d | ||
| 035 | _a(Sirsi) u87798 | ||
| 041 | _aeng | ||
| 245 | _aManufacturing recession | ||
| 260 | _c1998 | ||
| 350 | _a0 | ||
| 490 |
_aBuilding _v263(31) 31 July 1998, 13(1) |
||
| 520 | _aLatest workload surveys show that construction activity in the north of England is being hit by the recession in the manufacturing industry. | ||
| 650 | _aCONSTRUCTION ACTIVITY | ||
| 650 | _aCONSTRUCTION MARKET | ||
| 650 | _aINDUSTRIAL SECTOR | ||
| 650 | _aMANUFACTURING INDUSTRY | ||
| 650 | _aWORKLOAD SURVEYS | ||
| 690 | _aBUILT ENVIRONMENT | ||
| 942 | _n0 | ||
| 948 | _c04/08/1998 | ||
| 999 |
_c55402 _d55402 |
||